|
|
|
|
| LEADER |
00000naa2a2200000 4500 |
| 001 |
167914 |
| 005 |
20240115143710.0 |
| 035 |
|
|
|a (RuTPU)RU\TPU\book\182170
|
| 035 |
|
|
|a RU\TPU\book\182169
|
| 090 |
|
|
|a 167914
|
| 100 |
|
|
|a 20091021d1999 k y0engy50 ba
|
| 101 |
0 |
|
|a eng
|
| 102 |
|
|
|a RU
|
| 200 |
1 |
|
|a Analysis of parallel computation correctness with the use of PS-net
|f N. G. Markov, E.A. Miroshnichenko, A.V. Sarajkin
|
| 463 |
|
0 |
|0 (RuTPU)RU\TPU\book\7822
|t Korus`98. Abstracts
|o The Second Russian-Korean International Symposium on Science and Technology, August, 30-September, 5
|f Tomsk Polytechnic University (TPU) ; Novosibirsk State Technical University
|v P. 253
|d 1998
|p 293 p.
|
| 610 |
1 |
|
|a труды учёных ТПУ
|
| 700 |
|
1 |
|a Markov
|b N. G.
|c Doctor of Engineering, Professor of TPU
|c Russian specialist in Informatics and Computing
|f 1950-
|g Nikolai Grigorevich
|3 (RuTPU)RU\TPU\pers\24811
|9 11026
|
| 701 |
|
1 |
|a Miroshnichenko
|b E. A.
|c Specialist in the field of informatics and computer technology
|c Associate Professor of Tomsk Polytechnic University, Candidate of technical sciences
|f 1972-
|g Evgeny Alexandrovich
|3 (RuTPU)RU\TPU\pers\31386
|9 15558
|
| 701 |
|
1 |
|a Sarajkin
|b A.V.
|4 070
|
| 801 |
|
1 |
|a RU
|b 63413507
|c 20091014
|
| 801 |
|
2 |
|a RU
|b 63413507
|c 20151002
|g RCR
|
| 942 |
|
|
|c BK
|